02657nam a2200577 i 450000100060000000300090000600500170001500800410003201500190007303500230009203500360011503500140015103500210016503500170018603500230020303500440022604000340027004100230030404600090032708000150033608000110035124501500036224600650051224600640057726000700064130000330071133600270074433700540077133800280082538000160085338800100086949002680087950001020114750400280124954600880127765000220136565000360138765000380142365000330146165800340149465800300152870000360155870000420159471000550163683000870169183001090177885600980188794200120198599900170199795200650201456380KOSZ 00520220929124217.0071017s2007 pl a |000 0 pol  aUWD 2007/22384 a991037335179705066 a(PL-WaBN)b20014028-48omnis_nlop ab20014028 a(OCoLC)750115400 azz2007994677 a(PL)b0000002001402 a(EXLNZ-48OMNIS_NETWORK)9910343010305606 aWA NcWA NdWA NdKOSZ 005/HR0 apolaengbengbpol k2007 a658.14/.17 a657.0500aMetody i narzędzia finansowej oceny przedsiębiorstwa i zarządzania finansami /cpod red. nauk. Zofii Wilimowskiej i Stanisława Stadtherra.13aMethods and tools for company pricing and finance management18aMetody i narzędzia finansowej oceny przedsiębiorstwa... aWrocław :bOficyna Wydawnicza Politechniki Wrocławskiej,c2007. a198, [2] s. :bil. ;c24 cm. aTekstbtxt2rdacontent aBez urządzenia pośredniczącegobn2rdamedia aWoluminbnc2rdacarrier aKsiążki a2001-1 aPrace Naukowe Instytutu Organizacji i Zarządzania Politechniki Wrocławskiej. Studia i Materiały =aScientific Papers of the Institute of Industrial Engineering and Management of the Wrocław University of Technology. Studies and Research,x0324-9468 ;vno. 24 aTyt. grzb.: Metody i narzędzia finansowej oceny przedsiębiorstwa... Numeracja serii gł.: 82. aBibliogr. przy pracach. aTekst częśc. ang. Streszcz. ang., pol. przy pracach. Spis treści także ang. 7aAnaliza finansowa 7aFinanse przedsiębiorstwa2DBN 7aRachunkowość zarządcza2DBN 7aZarządzanie finansami2DBN aGospodarka, ekonomia, finanse aZarządzanie i marketing1 aStadtherr, StanisławeRedakcja1 aWilimowska, Zofiad(1949- )eRedakcja2 aOficyna Wydawnicza Politechniki Wrocławskiej4pbl 0aPrace Naukowe Instytutu Organizacji i Zarządzania Politechniki Wrocławskiejv82 0aPrace Naukowe Instytutu Organizacji i Zarządzania Politechniki Wrocławskiej.pStudia i Materiałyv24 uhttp://koha.tu.koszalin.pl/cgi-bin/koha/opac-detail.pl?biblionumber=56380yKatalog online BPK 2UKDcKS c56380d56380 00104071aBPKbBPKceho91090p02471518t658.14/.17 FpyKS